000
00254nam a2200097Ia 4500
001
916119
005
20250826185847.0
008
250824s9999 xx 000 0 und d
245
0
_a
KÜÇÜK KÜLKEDİSİ
_c
TERESA HEAPY
260
_b
BİNBİR ÇİÇEK YAYINLARI
999
_c
916119
_d
916119